000
00333nam a22001457a 4500
008
230518b ||||| |||| 00| 0 eng d
020
_a
0721631606
041
_a
eng
080
_a
616.53
082
_a
616.53SCH
100
_a
14
101
_a
PEDI
245
_a
INSTRUCTIONS FOR PEDIATRIC PATIENTS
_c
SCHMITT.D.B
942
_2
udc
_c
BK
999
_c
59773
_d
59773